000 00669cab a22002055a 4500
001 L141313
008 071115e20071105xxkad f s 000 0 eng d
035 _a(Sirsi) u141313
041 0 _aeng
110 2 _aEuroProperty
_91216
245 0 0 _aItaly
260 _c2007
490 0 _aEuroProperty
_v5November 2007, 31-35(5)
520 _aDiscusses the prospects for commercial investment in Italy. Reports that although not easy, retail assets and old buildings in need of refurbishment offer opportunities.
590 _aKA
651 4 _aItalia = Italy
_y1992-
651 4 _aEurope
690 _aPROPERTY-COMMERCIAL PROPERTY-COMMERCIAL PROPERTY MARKET
942 _n0
999 _c79454
_d79454